000 00395 a2200145 4500
005 20250623121221.0
020 _a978-0=07-253895-3
082 _a512.9 DUG
100 _aDUGOPOLSKI,Mark
245 _aElementary and Intermediate Algebra
250 _a2nd Ed.
260 _aBoston
_bMcGraw-Hill Irwin,
_c2006
300 _axxxiii,930p.;ill,Figure,Picture
_bAppendix,Index
_c26cm.
942 _2ddc
_cBKS
999 _c4669
_d4669